Vyšetřovatelka Terka - Záhada zmizelých koťat

Saved in:
Bibliographic Details
Main Author Pospíšilová, Karasová, Madla
Other Authors Eliška Straková
Format Electronic eBook
LanguageCzech
Published Bambook 2026
Edition1. elektronické vydání
Subjects
Online AccessDostupné v BOOKPORT po přihlášení pomocí eduID
ISBN978-80-271-6515-5
978-80-271-5808-9
Physical Description1 online zdroj (136 stran)

Cover

LEADER 00000nam a2200000 i 4500
001 bkp14908
003 CZ-prgp
005 20260522153145.0
006 m o d
007 cr cn
008 260522s2026 xr o 000 0 cze
020 |a 978-80-271-6515-5  |c 237 Kč  |q (online ; pdf) 
020 |a 978-80-271-5808-9  |c 279 Kč  |q (print) 
040 |a Grada  |b cze  |e rda 
100 1 |a Pospíšilová, Karasová, Madla 
245 1 0 |a Vyšetřovatelka Terka - Záhada zmizelých koťat  |c Madla Pospíšilová Karasová, Eliška Straková 
250 |a 1. elektronické vydání 
264 1 |b Bambook  |c 2026 
300 |a 1 online zdroj (136 stran) 
336 |a text  |b txt  |2 rdacontent 
337 |a počítač  |b c  |2 rdamedia 
338 |a online zdroj  |b cr  |2 rdacarrier 
520 3 |a Terka si prázdniny představovala jinak - místo pohodlí domova musí k babičce na venkov. Když ve vsi začnou mizet koťata, nuda se změní v napínavé pátrání. S pomocí energické babičky se Terka pustí do vyšetřování mezi svéráznými sousedy a zjišťuje, že i obyčejné prázdniny mohou být velkým dobrodružstvím. 
650 0 4 |a Dobrodružství, napětí, fantasy 
650 0 4 |a Příběhy, deníky 
700 1 |a Eliška Straková 
856 4 0 |u https://www.bookport.cz/AccountSaml/SignIn/?idp=https://shibboleth.utb.cz/idp/shibboleth&returnUrl=/kniha/vysetrovatelka-terka-zahada-zmizelych-kotat-16118/  |y Dostupné v BOOKPORT po přihlášení pomocí eduID